Animales (Registro nro. 3003)

Detalles MARC
000 -CABECERA
Longitud fija campo de control 00762nam a2200241 a 4500
003 - • IDENTIFICADOR DELl NÚMERO DE CONTROL
Identificador del número de control CO-ViMGA
008 - • CÓDIGOS DE INFORMACIÓN DE LONGITUD FIJA
Códigos de información de longitud fija 141112s2004 ck r 000 u spa d
020 ## - • NÚMERO INTERNACIONAL NORMALIZADO PARA LIBROS
Número Internacional Normalizado para Libros (ISBN) 8426118674
040 ## - FUENTE DE LA CATALOGACIÓN
Centro catalogador de origen CO-ViMGA
Lengua de catalogación spa
Centro transcriptor CO-ViMGA
082 04 - • NÚMERO DE LA CLASIFICACIÓN DECIMAL DEWEY
Número de clasificación (R) OXEn
100 1# - • PUNTO DE ACCESO PRINCIPAL-NOMBRE DE PERSONA
Nombre de persona Oxenbury, Helen
245 10 - • TITULO PROPIAMENTE DICHO
Título Animales
300 ## - • DESCRIPCIÓN FÍSICA
Extensión 12
490 ## - • MENCIÓN DE SERIE
Mención de serie Los libros del chiquitín
500 ## - • NOTA GENERAL
Nota general Libros para bebes.
590 ## - NOTAS LOCALES
Nota local Forma de adquisición : Donación fact. 8848 - - Precio : 23600 - - Proveedor : Fundación exito - - Fecha de adquisición : Junio 2007
650 14 - • PUNTO DE ACCESO ADICIONAL DE MATERIA - TÉRMINO DE MATERIA
Término de materia o nombre geográfico como elemento inicial ALBUMES INFANTILES INGLESES
650 14 - • PUNTO DE ACCESO ADICIONAL DE MATERIA - TÉRMINO DE MATERIA
Término de materia o nombre geográfico como elemento inicial CUENTOS INFANTILES
650 14 - • PUNTO DE ACCESO ADICIONAL DE MATERIA - TÉRMINO DE MATERIA
Término de materia o nombre geográfico como elemento inicial LIBROS ILUSTRADOS PARA NIÑOS
942 ## - ENTRADA DE ELEMENTOS AGREGADOS (KOHA)
Fuente de clasificaión o esquema Dewey Decimal Classification
Koha [por defecto] tipo de item LIbro
Existencias
Perdido Fuente de clasificación o esquema Estado Físico No para préstamo Forma de adquisición Localización permanente Localización actual Localización en estanterías Fecha adquisición Préstamos totales Signatura completa Código de barras Fecha última consulta Número de copia Fecha del precio de reemplazo Tipo de item de Koha Serie de enumeración / cronolog&íacute;a
  Dewey Decimal Classification     Infantil Biblioteca Pública Cumaral - Alvaro Garzon Torres Biblioteca Pública Cumaral - Alvaro Garzon Torres Sala Infantil 12/14/2022   AOXE1 CUM05498 12/14/2022 Ej.1 12/14/2022 Libro Infantil  
  Dewey Decimal Classification Damaged   Sala Infantil Segundo Piso Biblioteca Pública Germán Arciniegas - Villavicencio Biblioteca Pública Germán Arciniegas - Villavicencio   12/04/2015   OXEn 21504 12/04/2015 Ej. 1 12/04/2015 LIbro Volumen. 1 | 11/jun/2009
  Dewey Decimal Classification     Infantil Biblioteca Pública Medellin del Ariari - El Castillo Biblioteca Pública Medellin del Ariari - El Castillo Sala Infantil 03/29/2023   AOXE1Ej.1 MDA000009 03/29/2023 Ej.1 03/29/2023 Libro Infantil  









Instituto Departamental de Cultura del Meta - Red Departamental de Bibliotecas Públicas del Meta.